000 01466nam0a2200385 4500
001 RU\NLR\bibl\276949
005 20260405155310.0
010 _a5-8291-0092-4
_bАкад. проект
010 _a5-88687-090-3
_bДеловая кн.
_93000
021 _aRU
_b2001-67619
_93294
035 _a(NLR Aleph) 000272461
090 _a1593323
_c1593323
100 _a20020530d2002 |||y0rusy50 ca
101 0 _arus
102 _aRU
105 _aa |||||||||
200 1 _aИстория психологии. XX век
_eХрестоматия для высш. шк.
_fП.Я. Гальперин, А.Н. Ждан
210 _aМ.
_cАкад. проект
_aЕкатеринбург
_cДеловая кн.
_d2002
215 _a829, [1] с.
_cил.
_d21
225 1 _aGaudeamus
606 0 _aПсихология
_jХрестоматии
_xИстория
_z20 в.
_91614264
_3RU\NLR\auth\661010025
610 0 _aПсихология - История - Хрестоматии
675 _a159.9(091)
_v3
_zrus
686 _a15
_2rugasnti
686 _a88.1
_2rubbk
686 _aЮ91(0)6я73-3
700 1 _4070
_aГальперин
_bП.Я.
_f1902-1988
_gПетр Яковлевич
_3RU\NLR\AUTH\7766111
_949040
701 1 _aЖдан
_bА. Н.
_gАнтонина Николаевна
_4070
801 0 _aRU
_bRKP
_c20020530
_gPSBO
801 1 _aRU
_bRKP
_c20020530
801 2 _aRU
_bNLR
_c20020711
_grcr
942 _cBOOK
980 _aNB